00918cam a2200265 a 45000010009000000050017000090080041000260200015000670200018000820200015001000400018001150820017001331000028001502450044001782500012002222600069002343000041003035040051003446500022003956510058004176530018004759420012004939990017005059520130005221548452120111128135955.0081015s2010 au a b 001 0 eng  a0324782381 a9780324782387 a0324591365 aDLCcDLCdDLC00a330223bTUC1 aTucker, Irvin B.93019910aEconomics for Today /cIrvin B. Tucker. a6th ed. aAustralia ;aMason, OH :bSouth-Western Cengage Learning, c2010. axxxii, 845 p. :bcol. ill. ;c26 cm. aIncludes bibliographical references and index. 0aEconomics.930200 0aUnited StatesxEconomic conditionsy2001-2009.930201 bEcocJune2012 2ddccBB c16787d16787 00102ddc40708BaccahaMAINbMAINc1STd2012-06-26epurchaseg240.00h15316l0o330 TUCp000026871r2025-07-15 00:00:00yBB